Hallelujah - Noah Kahan Lyrics - Statistics

General Stats
  • This quiz has been taken 9 times
  • The average score is 108 of 218
Answer Stats
Lyric % Correct
I
100%
the
100%
you
100%
hallelujah
88%
we
88%
Don't
75%
that
75%
all
63%
but
63%
is
63%
it
63%
it's
63%
what
63%
your
63%
and
50%
can't
50%
eyes
50%
for
50%
god
50%
in
50%
knew
50%
mind
50%
on
50%
our
50%
was
50%
day
38%
Everything
38%
everything
38%
hands
38%
heard
38%
heaven
38%
me?
38%
Oh
38%
only
38%
scream
38%
think
38%
thought
38%
we're
38%
were
38%
wish
38%
ya
38%
ain't
25%
at
25%
awake
25%
call
25%
count
25%
days
25%
dirty
25%
done
25%
due
25%
explain
25%
floor
25%
ghosts
25%
home
25%
into
25%
just
25%
knows
25%
lay
25%
look
25%
makes
25%
maybe
25%
most
25%
raised
25%
reaching
25%
right
25%
screaming
25%
sky
25%
sometimes
25%
speak
25%
strange
25%
sunlight
25%
through
25%
tiles
25%
time
25%
true
25%
while
25%
with
25%
worth
25%
find
13%
lives
13%
anger
0%
hold
0%
No matching quizzes found
Score Distribution
Percent of People with Each Score
Percentile by Number Answered
Your Score History
You have not taken this quiz